Länder, die die meisten Flugzeuge produzieren - Statistiken

Allgemein
  • Dieses Quiz wurde 222 mal gespielt
  • Das Durchschnittsergebnis liegt bei 9 aus 10
Antwortstatistiken
Anzahl der Flugzeuge Land % Korrekt
768 Vereinigte Staaten
100%
64 Deutschland
97%
72 Frankreich
97%
349 China
96%
171 Russland
92%
33 Japan
88%
114 Kanada
86%
89 Vereinigtes Königreich
81%
28 Italien
76%
34 Brasilien
75%
Keine übereinstimmenden Quizze gefunden
Verteilung der Resultate
Anzahl Personen mit jedem Resultat
Perzentil nach korrekt beantworteten Fragen
Ihre Resultats-Entwicklung
Sie haben dieses Quiz noch nicht gespielt